000 00380nam a2200145Ia 4500
008 151213s9999 xx 000 0 und d
100 _aProf. Altaf Hossain
245 _aBangladesh Labour Code, 2006
_cProf. Altaf Hossain
260 _aDhaka
_bJally Law Book Centre
_c2007
300 _a5943 p.
650 _aLaw
650 _aLaw
700 _aProf. Altaf Hossain
999 _c3430
_d3430